| 000 | 00330nam a22001217a 4500 | ||
|---|---|---|---|
| 082 |
_a347.95491 _bZAF |
||
| 100 | _aZafar, Chaudhary Muhammad | ||
| 245 |
_aIngredients of F.I.R/ _cChaudhary Muhammad Zafar |
||
| 260 |
_bKazim Law Book House, _c2023. |
||
| 300 |
_a298p. : _c24cm. |
||
| 650 |
_aLAW _935302 |
||
| 942 |
_2ddc _cBK |
||
| 999 |
_c612954 _d612954 |
||